Špecifické prípady účtovania podnikateľov. 11 Účtová trieda 4 - Kapitálové účty a dlhodobé záväzky. 2

Prevedené hospodárske výsledky z minulých rokov. Hospodársky výsledok bežného roka. Účtovné zápisy individuálnych podnikateľov. Účtovanie na účte 441 - Sociálny fond. Účtovanie rezerv. Účtovanie tvorby a čerpania zákonnej rezervy. Účtovanie v účtovej skupine 46 - Bankové úvery. Účtová skupina 47 - D...

Celý popis

Uložené v:
Podrobná bibliografia
Hlavný autor: Šlosárová, Anna
Médium: Kapitola
Jazyk:Slovak
Predmet:
Tagy: Pridať tag
Žiadne tagy, Buďte prvý, kto otaguje tento záznam!

MARC

LEADER 00000naa a2200000 4500
001 r020941
005 20230811094859.8
041 0 |a slo 
044 |a SK 
245 1 0 |a Špecifické prípady účtovania podnikateľov. 11  |b Účtová trieda 4 - Kapitálové účty a dlhodobé záväzky. 2  |c Anna Šlosárová 
520 |a Prevedené hospodárske výsledky z minulých rokov. Hospodársky výsledok bežného roka. Účtovné zápisy individuálnych podnikateľov. Účtovanie na účte 441 - Sociálny fond. Účtovanie rezerv. Účtovanie tvorby a čerpania zákonnej rezervy. Účtovanie v účtovej skupine 46 - Bankové úvery. Účtová skupina 47 - Dlhodobé záväzky. Účet 491 - Účet individuálneho podnikateľa. 
610 2 0 |a účtovanie 
610 2 0 |a postupy účtovné 
610 2 0 |a účty 
610 2 0 |a podnikatelia 
610 2 0 |a zisk 
610 2 0 |a výsledok hospodársky 
610 2 0 |a fond sociálny 
610 2 0 |a rezervy 
610 2 0 |a úver bankový 
610 2 0 |a záväzky 
610 2 0 |a účty kapitálové 
610 2 0 |a triedy účtové 
100 1 |a Šlosárová, Anna